<?xml version="1.0" encoding="UTF-8"?>
<record
    xmlns:xsi="http://www.w3.org/2001/XMLSchema-instance"
    xsi:schemaLocation="http://www.loc.gov/MARC21/slim http://www.loc.gov/standards/marcxml/schema/MARC21slim.xsd"
    xmlns="http://www.loc.gov/MARC21/slim">

  <leader>01709nam a22003137a 4500</leader>
  <controlfield tag="001">1540</controlfield>
  <controlfield tag="003">FISKH</controlfield>
  <controlfield tag="005">20230907155212.0</controlfield>
  <controlfield tag="008">230905b        cb ||||| |||| 00| 0 khr d</controlfield>
  <datafield tag="020" ind1=" " ind2=" ">
    <subfield code="a">9789995005085</subfield>
  </datafield>
  <datafield tag="040" ind1=" " ind2=" ">
    <subfield code="a">FISKH </subfield>
    <subfield code="b">eng</subfield>
    <subfield code="c">FISKH </subfield>
    <subfield code="d">FISKH </subfield>
  </datafield>
  <datafield tag="082" ind1=" " ind2=" ">
    <subfield code="a">599.78</subfield>
  </datafield>
  <datafield tag="100" ind1=" " ind2=" ">
    <subfield code="a">Stewart, Amber</subfield>
  </datafield>
  <datafield tag="245" ind1=" " ind2=" ">
    <subfield code="a">&#x1794;&#x1793;&#x17D2;&#x178F;&#x17B7;&#x1785;&#x1798;&#x17D2;&#x178A;&#x1784;&#x17D7; / </subfield>
    <subfield code="c">&#x17A2;&#x17C1;&#x1798;&#x1794;&#x17CA;&#x17BA;&#x179A; &#x179F;&#x17D2;&#x1791;&#x17C1;&#x179C;&#x17C9;&#x17B6;&#x178F; - &#x179B;&#x17C2;&#x1793; &#x1798;&#x17C9;&#x17B6;&#x17A1;&#x17BC; - &#x1794;&#x1780;&#x1794;&#x17D2;&#x179A;&#x17C2;&#x1796;&#x17B8;&#x1797;&#x17B6;&#x179F;&#x17B6;&#x17A2;&#x1784;&#x17CB;&#x1782;&#x17D2;&#x179B;&#x17C1;&#x179F;&#x178A;&#x17C4;&#x1799; &#x17A0;&#x17BD;&#x178F; &#x179C;&#x17B7;&#x1785;&#x17D2;&#x1781;&#x17B7;&#x1780;&#x17B6;</subfield>
  </datafield>
  <datafield tag="250" ind1=" " ind2=" ">
    <subfield code="a">&#x1794;&#x17C4;&#x17C7;&#x1796;&#x17BB;&#x1798;&#x17D2;&#x1796;&#x179B;&#x17BE;&#x1780;&#x1791;&#x17B8;&#x17E8; &#x1798;&#x17B7;&#x1790;&#x17BB;&#x1793;&#x17B6;&#x200B; &#x17E2;&#x17E0;&#x17E2;&#x17E2;</subfield>
  </datafield>
  <datafield tag="260" ind1=" " ind2=" ">
    <subfield code="a">Phnom Penh : </subfield>
    <subfield code="b">Sipar, </subfield>
    <subfield code="c">2008.</subfield>
  </datafield>
  <datafield tag="300" ind1=" " ind2=" ">
    <subfield code="a">27 pages : </subfield>
    <subfield code="b">color illustrations ; </subfield>
    <subfield code="c">24 cm</subfield>
  </datafield>
  <datafield tag="490" ind1=" " ind2=" ">
    <subfield code="a">&#x179A;&#x17BF;&#x1784;&#x178A;&#x17C6;&#x1794;&#x17BC;&#x1784;&#x17D7;</subfield>
  </datafield>
  <datafield tag="505" ind1=" " ind2=" ">
    <subfield code="a">G
</subfield>
  </datafield>
  <datafield tag="520" ind1=" " ind2=" ">
    <subfield code="a">&#x178A;&#x17BC;&#x178A;&#x17BC;&#x1787;&#x17B6;&#x1780;&#x17BC;&#x1793;&#x1797;&#x17C1;&#x178F;&#x17BC;&#x1785;&#x1798;&#x17BD;&#x1799;&#x178A;&#x17C2;&#x179B;&#x1798;&#x17B7;&#x1793;&#x1785;&#x17C1;&#x17C7;&#x17A0;&#x17C2;&#x179B;&#x1791;&#x17B9;&#x1780;&#x17D4; &#x1794;&#x17C9;&#x17BB;&#x1793;&#x17D2;&#x178F;&#x17C2;&#x1794;&#x1793;&#x17D2;&#x178F;&#x17B7;&#x1785;&#x1798;&#x17D2;&#x178A;&#x1784;&#x17D7; &#x178A;&#x17C4;&#x1799;&#x179F;&#x17B6;&#x179A;&#x1780;&#x17B6;&#x179A;&#x1787;&#x17BF;&#x1787;&#x17B6;&#x1780;&#x17CB;&#x179B;&#x17BE;&#x1781;&#x17D2;&#x179B;&#x17BD;&#x1793;&#x17AF;&#x1784; &#x178A;&#x17BC;&#x178A;&#x17BC;&#x17A2;&#x17B6;&#x1785;&#x17A0;&#x17C2;&#x179B;&#x1793;&#x17B7;&#x1784;&#x179B;&#x17C4;&#x178F;&#x178A;&#x17B6;&#x17C6;&#x178A;&#x17BC;&#x1784; &#x1780;&#x17D2;&#x1793;&#x17BB;&#x1784;&#x1791;&#x17B9;&#x1780;&#x1794;&#x17B6;&#x1793;&#x1799;&#x17C9;&#x17B6;&#x1784;&#x179F;&#x17D2;&#x1791;&#x17B6;&#x178F;&#x17CB; &#x1787;&#x17B6;&#x1798;&#x17BD;&#x1799;&#x1798;&#x17B7;&#x178F;&#x17D2;&#x178F;&#x1797;&#x1780;&#x17D2;&#x178A;&#x17B7;&#x179A;&#x1794;&#x179F;&#x17CB;&#x179C;&#x17B6;&#x200B;&#x17D4; </subfield>
  </datafield>
  <datafield tag="520" ind1=" " ind2=" ">
    <subfield code="a">Dodo is a little boy who does not know how to swim. But gradually, due to his self-confidence, Dodo was able to swim and jump in the water with his friends.</subfield>
  </datafield>
  <datafield tag="521" ind1="8" ind2=" ">
    <subfield code="a">380
</subfield>
    <subfield code="b">Lexile estimate 
</subfield>
  </datafield>
  <datafield tag="521" ind1="8" ind2=" ">
    <subfield code="a">G 
</subfield>
    <subfield code="b">Raz-Plus 
</subfield>
  </datafield>
  <datafield tag="650" ind1=" " ind2=" ">
    <subfield code="a">&#x17A0;&#x17C2;&#x179B;  </subfield>
    <subfield code="v">&#x1787;&#x17C6;&#x17A0;&#x17B6;&#x1793;</subfield>
    <subfield code="x">&#x17A2;&#x17B6;&#x1785; </subfield>
  </datafield>
  <datafield tag="650" ind1=" " ind2=" ">
    <subfield code="a">Swim </subfield>
    <subfield code="v">Step by step </subfield>
    <subfield code="x">Be able </subfield>
  </datafield>
  <datafield tag="700" ind1=" " ind2=" ">
    <subfield code="a">Vichheka, Huot </subfield>
    <subfield code="e">Translator</subfield>
  </datafield>
  <datafield tag="700" ind1=" " ind2=" ">
    <subfield code="a">Marlow, Layn</subfield>
    <subfield code="e">illustrator</subfield>
  </datafield>
  <datafield tag="942" ind1=" " ind2=" ">
    <subfield code="2">ddc</subfield>
    <subfield code="c">BK</subfield>
    <subfield code="n">0</subfield>
  </datafield>
  <datafield tag="999" ind1=" " ind2=" ">
    <subfield code="c">1540</subfield>
    <subfield code="d">1540</subfield>
  </datafield>
  <datafield tag="952" ind1=" " ind2=" ">
    <subfield code="0">0</subfield>
    <subfield code="1">0</subfield>
    <subfield code="2">ddc</subfield>
    <subfield code="4">0</subfield>
    <subfield code="7">0</subfield>
    <subfield code="8">KH</subfield>
    <subfield code="a">001</subfield>
    <subfield code="b">001</subfield>
    <subfield code="c">KHRS</subfield>
    <subfield code="d">2023-09-05</subfield>
    <subfield code="l">0</subfield>
    <subfield code="o">STE 599.78</subfield>
    <subfield code="p">2023-0486</subfield>
    <subfield code="r">2023-09-05 15:10:51</subfield>
    <subfield code="t">1</subfield>
    <subfield code="w">2023-09-05</subfield>
    <subfield code="y">KHB</subfield>
  </datafield>
  <datafield tag="952" ind1=" " ind2=" ">
    <subfield code="0">0</subfield>
    <subfield code="1">0</subfield>
    <subfield code="2">ddc</subfield>
    <subfield code="4">0</subfield>
    <subfield code="7">0</subfield>
    <subfield code="8">KH</subfield>
    <subfield code="a">001</subfield>
    <subfield code="b">001</subfield>
    <subfield code="c">KHRS</subfield>
    <subfield code="d">2023-09-05</subfield>
    <subfield code="l">0</subfield>
    <subfield code="o">STE 599.78</subfield>
    <subfield code="p">2023-0487</subfield>
    <subfield code="r">2023-09-05 15:10:58</subfield>
    <subfield code="t">2</subfield>
    <subfield code="w">2023-09-05</subfield>
    <subfield code="y">KHB</subfield>
  </datafield>
  <datafield tag="952" ind1=" " ind2=" ">
    <subfield code="0">0</subfield>
    <subfield code="1">0</subfield>
    <subfield code="2">ddc</subfield>
    <subfield code="4">0</subfield>
    <subfield code="7">0</subfield>
    <subfield code="8">KH</subfield>
    <subfield code="a">001</subfield>
    <subfield code="b">001</subfield>
    <subfield code="c">OKHR</subfield>
    <subfield code="d">2024-06-27</subfield>
    <subfield code="l">2</subfield>
    <subfield code="o">STE 599.78</subfield>
    <subfield code="p">FISBK072217</subfield>
    <subfield code="r">2025-11-13 14:42:27</subfield>
    <subfield code="s">2025-08-22</subfield>
    <subfield code="t">3</subfield>
    <subfield code="w">2024-06-27</subfield>
    <subfield code="y">KHB</subfield>
  </datafield>
  <datafield tag="952" ind1=" " ind2=" ">
    <subfield code="0">0</subfield>
    <subfield code="1">0</subfield>
    <subfield code="2">ddc</subfield>
    <subfield code="4">0</subfield>
    <subfield code="7">0</subfield>
    <subfield code="8">KH</subfield>
    <subfield code="a">001</subfield>
    <subfield code="b">001</subfield>
    <subfield code="c">OKHR</subfield>
    <subfield code="d">2024-06-27</subfield>
    <subfield code="l">0</subfield>
    <subfield code="o">STE 599.78</subfield>
    <subfield code="p">FISTKG1B004</subfield>
    <subfield code="r">2024-06-27 14:30:00</subfield>
    <subfield code="t">4</subfield>
    <subfield code="w">2024-06-27</subfield>
    <subfield code="y">KHB</subfield>
  </datafield>
  <datafield tag="952" ind1=" " ind2=" ">
    <subfield code="0">0</subfield>
    <subfield code="1">0</subfield>
    <subfield code="2">ddc</subfield>
    <subfield code="4">0</subfield>
    <subfield code="7">0</subfield>
    <subfield code="8">KH</subfield>
    <subfield code="a">001</subfield>
    <subfield code="b">001</subfield>
    <subfield code="c">OKHR</subfield>
    <subfield code="d">2024-06-27</subfield>
    <subfield code="l">1</subfield>
    <subfield code="o">STE 599.78</subfield>
    <subfield code="p">FISTKG2A028</subfield>
    <subfield code="r">2026-03-20 08:07:22</subfield>
    <subfield code="s">2026-03-11</subfield>
    <subfield code="t">5</subfield>
    <subfield code="w">2024-06-27</subfield>
    <subfield code="y">KHB</subfield>
  </datafield>
  <datafield tag="952" ind1=" " ind2=" ">
    <subfield code="0">0</subfield>
    <subfield code="1">0</subfield>
    <subfield code="2">ddc</subfield>
    <subfield code="4">0</subfield>
    <subfield code="7">0</subfield>
    <subfield code="8">KH</subfield>
    <subfield code="a">001</subfield>
    <subfield code="b">001</subfield>
    <subfield code="c">OKHR</subfield>
    <subfield code="d">2024-06-27</subfield>
    <subfield code="l">1</subfield>
    <subfield code="o">STE 599.78</subfield>
    <subfield code="p">FISBK072216</subfield>
    <subfield code="r">2024-12-04 14:41:39</subfield>
    <subfield code="s">2024-08-13</subfield>
    <subfield code="t">6</subfield>
    <subfield code="w">2024-06-27</subfield>
    <subfield code="y">KHB</subfield>
  </datafield>
  <datafield tag="952" ind1=" " ind2=" ">
    <subfield code="0">0</subfield>
    <subfield code="1">0</subfield>
    <subfield code="2">ddc</subfield>
    <subfield code="4">0</subfield>
    <subfield code="7">0</subfield>
    <subfield code="8">KH</subfield>
    <subfield code="a">001</subfield>
    <subfield code="b">001</subfield>
    <subfield code="c">OKHR</subfield>
    <subfield code="d">2024-06-27</subfield>
    <subfield code="l">0</subfield>
    <subfield code="o">STE 599.78</subfield>
    <subfield code="p">FISBK072232</subfield>
    <subfield code="r">2024-06-27 15:52:55</subfield>
    <subfield code="t">7</subfield>
    <subfield code="w">2024-06-27</subfield>
    <subfield code="y">KHB</subfield>
  </datafield>
  <datafield tag="952" ind1=" " ind2=" ">
    <subfield code="0">0</subfield>
    <subfield code="1">0</subfield>
    <subfield code="2">ddc</subfield>
    <subfield code="4">0</subfield>
    <subfield code="7">0</subfield>
    <subfield code="8">KH</subfield>
    <subfield code="a">001</subfield>
    <subfield code="b">001</subfield>
    <subfield code="c">OKHR</subfield>
    <subfield code="d">2024-07-08</subfield>
    <subfield code="l">0</subfield>
    <subfield code="o">STE 599.78</subfield>
    <subfield code="p">FISTKG2A060</subfield>
    <subfield code="r">2024-07-08 10:18:08</subfield>
    <subfield code="t">8</subfield>
    <subfield code="w">2024-07-08</subfield>
    <subfield code="y">KHB</subfield>
  </datafield>
  <datafield tag="952" ind1=" " ind2=" ">
    <subfield code="0">0</subfield>
    <subfield code="1">0</subfield>
    <subfield code="2">ddc</subfield>
    <subfield code="4">0</subfield>
    <subfield code="7">0</subfield>
    <subfield code="8">KH</subfield>
    <subfield code="a">001</subfield>
    <subfield code="b">001</subfield>
    <subfield code="c">OKHR</subfield>
    <subfield code="d">2024-07-08</subfield>
    <subfield code="l">2</subfield>
    <subfield code="o">STE 599.78</subfield>
    <subfield code="p">FISTK03653</subfield>
    <subfield code="r">2025-08-29 14:40:22</subfield>
    <subfield code="s">2025-08-07</subfield>
    <subfield code="t">9</subfield>
    <subfield code="w">2024-07-08</subfield>
    <subfield code="y">KHB</subfield>
  </datafield>
  <datafield tag="952" ind1=" " ind2=" ">
    <subfield code="0">0</subfield>
    <subfield code="1">0</subfield>
    <subfield code="2">ddc</subfield>
    <subfield code="4">0</subfield>
    <subfield code="7">0</subfield>
    <subfield code="8">KH</subfield>
    <subfield code="a">001</subfield>
    <subfield code="b">001</subfield>
    <subfield code="c">OKHR</subfield>
    <subfield code="d">2024-07-08</subfield>
    <subfield code="l">0</subfield>
    <subfield code="o">STE 599.78</subfield>
    <subfield code="p">2024-0926</subfield>
    <subfield code="r">2024-07-08 10:39:18</subfield>
    <subfield code="t">10</subfield>
    <subfield code="w">2024-07-08</subfield>
    <subfield code="y">KHB</subfield>
  </datafield>
  <datafield tag="952" ind1=" " ind2=" ">
    <subfield code="0">0</subfield>
    <subfield code="1">0</subfield>
    <subfield code="2">ddc</subfield>
    <subfield code="4">0</subfield>
    <subfield code="7">0</subfield>
    <subfield code="8">KH</subfield>
    <subfield code="a">001</subfield>
    <subfield code="b">001</subfield>
    <subfield code="c">OKHR</subfield>
    <subfield code="d">2024-07-12</subfield>
    <subfield code="l">0</subfield>
    <subfield code="o">STE 599.78</subfield>
    <subfield code="p">FISTKG2A039</subfield>
    <subfield code="r">2024-07-12 15:07:09</subfield>
    <subfield code="t">11</subfield>
    <subfield code="w">2024-07-12</subfield>
    <subfield code="y">KHB</subfield>
  </datafield>
  <datafield tag="952" ind1=" " ind2=" ">
    <subfield code="0">0</subfield>
    <subfield code="1">0</subfield>
    <subfield code="2">ddc</subfield>
    <subfield code="4">0</subfield>
    <subfield code="7">0</subfield>
    <subfield code="8">KH</subfield>
    <subfield code="a">002</subfield>
    <subfield code="b">002</subfield>
    <subfield code="c">TTP Khmer</subfield>
    <subfield code="d">2025-08-21</subfield>
    <subfield code="l">0</subfield>
    <subfield code="o">STE 599.78</subfield>
    <subfield code="p">2025-4179</subfield>
    <subfield code="r">2025-08-21 12:37:32</subfield>
    <subfield code="t">12</subfield>
    <subfield code="w">2025-08-21</subfield>
    <subfield code="y">KHB</subfield>
  </datafield>
  <datafield tag="952" ind1=" " ind2=" ">
    <subfield code="0">0</subfield>
    <subfield code="1">0</subfield>
    <subfield code="2">ddc</subfield>
    <subfield code="4">0</subfield>
    <subfield code="7">0</subfield>
    <subfield code="8">KH</subfield>
    <subfield code="a">002</subfield>
    <subfield code="b">002</subfield>
    <subfield code="c">TTP Khmer</subfield>
    <subfield code="d">2025-10-09</subfield>
    <subfield code="l">0</subfield>
    <subfield code="o">STE 599.78</subfield>
    <subfield code="p">FISBK03702</subfield>
    <subfield code="r">2025-10-09 15:11:25</subfield>
    <subfield code="t">13</subfield>
    <subfield code="w">2025-10-09</subfield>
    <subfield code="y">KHB</subfield>
  </datafield>
  <datafield tag="952" ind1=" " ind2=" ">
    <subfield code="0">0</subfield>
    <subfield code="1">0</subfield>
    <subfield code="2">ddc</subfield>
    <subfield code="4">0</subfield>
    <subfield code="7">0</subfield>
    <subfield code="8">KH</subfield>
    <subfield code="a">002</subfield>
    <subfield code="b">002</subfield>
    <subfield code="c">TTP Khmer</subfield>
    <subfield code="d">2025-11-21</subfield>
    <subfield code="l">0</subfield>
    <subfield code="o">STE 599.78</subfield>
    <subfield code="p">2025-4855</subfield>
    <subfield code="r">2025-11-21 09:13:56</subfield>
    <subfield code="t">14</subfield>
    <subfield code="w">2025-11-21</subfield>
    <subfield code="y">KHB</subfield>
  </datafield>
  <datafield tag="952" ind1=" " ind2=" ">
    <subfield code="0">0</subfield>
    <subfield code="1">0</subfield>
    <subfield code="2">ddc</subfield>
    <subfield code="4">0</subfield>
    <subfield code="7">0</subfield>
    <subfield code="8">KH</subfield>
    <subfield code="a">002</subfield>
    <subfield code="b">002</subfield>
    <subfield code="c">TTP Khmer</subfield>
    <subfield code="d">2025-11-27</subfield>
    <subfield code="l">0</subfield>
    <subfield code="o">STE 599.78</subfield>
    <subfield code="p">2025-4925</subfield>
    <subfield code="r">2025-11-27 10:18:46</subfield>
    <subfield code="t">15</subfield>
    <subfield code="w">2025-11-27</subfield>
    <subfield code="y">KHB</subfield>
  </datafield>
  <datafield tag="952" ind1=" " ind2=" ">
    <subfield code="0">0</subfield>
    <subfield code="1">0</subfield>
    <subfield code="2">ddc</subfield>
    <subfield code="4">0</subfield>
    <subfield code="7">0</subfield>
    <subfield code="8">KH</subfield>
    <subfield code="a">002</subfield>
    <subfield code="b">002</subfield>
    <subfield code="c">TTP Khmer</subfield>
    <subfield code="d">2025-11-27</subfield>
    <subfield code="l">1</subfield>
    <subfield code="o">STE 599.78</subfield>
    <subfield code="p">2025-4963</subfield>
    <subfield code="r">2026-02-27 15:33:28</subfield>
    <subfield code="s">2026-02-02</subfield>
    <subfield code="t">16</subfield>
    <subfield code="w">2025-11-27</subfield>
    <subfield code="y">KHB</subfield>
  </datafield>
</record>
